000 00302nam a2200133Ia 4500
005 20251222144847.0
008 251222s9999||||xx |||||||||||||| ||spa||
020 _a0-201-82114-1
082 _a425.03/W19
100 _aWalker, Michael
245 0 _aSucces:
264 _bAddison Wesley
942 _cLIB
999 _c21463
_d21463